000 00501nam a2200157 a 4500
001 000028502
005 20240305125629.0
008 110408s1989 dr a 000 p spa d
040 _aDO-SdBNP
_bspa
_cBNPHU
082 _axxx
_bM491a
100 1 _aMedina, Rafael Hilario,
_d1959-
_920618
245 1 0 _aAmor o muerte /
_cRafael Hilario Medina ; prólogo Aquiles Julián.
260 _aSanto Domingo :
_bDrake,
_c1989.
300 _a34 p. :
_bil. ;
_c21 cm.
700 1 _aJulián, Aquiles
_d1953-
_epról.
_923587
999 _c27994
_d27994